La sociedad peruana en la obra de José María Arguedas: el zorro de arriba y el zorro de abajo
Saved in:
| Hovedforfatter: | |
|---|---|
| Format: | Bog |
| Sprog: | spansk |
| Udgivet: |
Lima
Fondo Editorial de la Facultad de Letras de la Universidad Nacional Mayor de San Marcos
2007
|
| Fag: | |
| Tags: |
Tilføj Tag
Ingen Tags, Vær først til at tagge denne postø!
|
MARC
| LEADER | 00000nam a2200000 a 4500 | ||
|---|---|---|---|
| 001 | UCH4675 | ||
| 003 | CL-VaPUC | ||
| 008 | 090827e20070200PE |||||||||||||||||spa|d | ||
| 020 | |a 9789972269431 | ||
| 082 | 0 | 4 | |a Pe860.9 |b MAM |2 21 |
| 100 | |a Mamani Macedo, Porfirio |e autor |9 540353 | ||
| 245 | 1 | 3 | |a La sociedad peruana en la obra de José María Arguedas: el zorro de arriba y el zorro de abajo |
| 300 | |a 70 p | ||
| 942 | |c BK | ||
| 945 | |d 20090827 00:00:00 |a dcastane | ||
| 260 | |a Lima |b Fondo Editorial de la Facultad de Letras de la Universidad Nacional Mayor de San Marcos |c 2007 | ||
| 650 | 7 | |a LITERATURA PERUANA- SIGLO 20 |2 CL-VaPUC |9 495315 | |
| 650 | 0 | |a Literatura y sociedad |9 265230 | |
| 650 | 0 | |a Historia y crítica |9 257407 | |
| 650 | 0 | |a Crítica e interpretación |9 255042 | |
| 651 | 0 | |a Perú |9 256567 | |
| 583 | |a last modification |c 20090827 00:00:00 |k Rodrigo Vera | ||
| 999 | |c 335946 |d 335944 | ||
| 952 | |0 0 |1 0 |4 0 |6 PE_860_900000000000000_MAM_2007 |7 0 |8 A |9 426805 |a BIBEDU |b BIBEDU |d 2019-11-22 |i 4593871 |o Pe860.9 MAM 2007 |p 4593871 |r 2019-11-22 |w 2019-11-22 |y BK |k LIT | ||